000 00575nam a22001937a 4500
003 OSt
005 20161020095956.0
008 161020b xxu||||| |||| 00| 0 eng d
020 _a978-84-8316-920-9
040 _cCRI
082 _a025.54
100 1 _940197
_aQuintanal Díaz, José
245 _aLa animación lectora en el aula
_b: Técnicas, instrumentos y recursos
_cJosé Quintanal Díaz
260 _aMadrid
_bCCS
_c2005
300 _a140 p.
_c21 cm.
500 _aBibliografía: p. 134
650 0 _92695
_aAnimación a la lectura
942 _2ddc
_cBK
_hprozim
999 _c26307
_d26307